ArtNexus/ (Record no. 3289)
[ view plain ]
| 000 -LEADER | |
|---|---|
| campo de control de longitud fija | 01841nam a22005177a 4500 |
| 003 - IDENTIFICADOR DE NÚMERO DE CONTROL | |
| campo de control | OSt |
| 005 - FECHA Y HORA DE LA ÚLTIMA TRANSACCIÓN | |
| campo de control | 20230322170926.0 |
| 008 - DATOS DE LONGITUD FIJA--INFORMACIÓN GENERAL | |
| campo de control de longitud fija | 221006b |||||||| |||| 00| 0 eng d |
| 040 ## - FUENTE DE CATALOGACIÓN | |
| Centro/agencia transcriptor | Biblioteca Lado V |
| 082 ## - NÚMERO DE LA CLASIFICACIÓN DECIMAL DEWEY | |
| Número de clasificación | 701.1 |
| Número de ítem | S744a |
| 100 ## - ENTRADA PRINCIPAL--NOMBRE DE PERSONA | |
| 9 (RLIN) | 795 |
| Nombre de persona | Srendni de Birbragher, Celia |
| Término indicativo de función/relación | editora |
| -- | directora |
| 245 ## - MENCIÓN DEL TÍTULO | |
| Título | ArtNexus/ |
| Resto del título | El nexo entre Latinoamerica y el resto del mundo/ |
| 260 ## - PUBLICACIÓN, DISTRIBUCIÓN, ETC. | |
| Nombre del editor, distribuidor, etc. | Asociación de Revistas Culturales |
| Fecha de publicación, distribución, etc. | 2001 |
| Lugar de publicación, distribución, etc. | U.S.A. |
| -- | Colombia |
| 300 ## - DESCRIPCIÓN FÍSICA | |
| Dimensiones | 21x28cm |
| Extensión | 167p. |
| 366 ## - INFORMACIÓN SOBRE DISPONIBILIDAD COMERCIAL | |
| Nota | spa |
| 490 ## - MENCIÓN DE SERIE | |
| Mención de serie | 41 |
| Designación de volumen o secuencia | 3 |
| -- | 2001 |
| Número Internacional Normalizado para Publicaciones Seriadas | 0120 713 X |
| 505 ## - NOTA DE CONTENIDO CON FORMATO | |
| Título | Vik Muniz |
| Nota de contenido con formato | Fotografias tridimensionales |
| 505 ## - NOTA DE CONTENIDO CON FORMATO | |
| Título | Colección de Arte Microsoft |
| 505 ## - NOTA DE CONTENIDO CON FORMATO | |
| Título | Premio Luis Caballero |
| 505 ## - NOTA DE CONTENIDO CON FORMATO | |
| Título | Patricia Belli |
| 505 ## - NOTA DE CONTENIDO CON FORMATO | |
| Título | El Museo Country de los Angeles |
| 505 ## - NOTA DE CONTENIDO CON FORMATO | |
| Título | Gego |
| 505 ## - NOTA DE CONTENIDO CON FORMATO | |
| Título | Adrian Piper |
| 505 ## - NOTA DE CONTENIDO CON FORMATO | |
| Título | Versiones del Sur |
| 505 ## - NOTA DE CONTENIDO CON FORMATO | |
| Título | No es solo lo que ves: pervirtiendo el minimalismo |
| 505 ## - NOTA DE CONTENIDO CON FORMATO | |
| Título | Mas allá del documento |
| 505 ## - NOTA DE CONTENIDO CON FORMATO | |
| Título | Eztetyka del sueño |
| 505 ## - NOTA DE CONTENIDO CON FORMATO | |
| Título | Art Chicago 2001 |
| 505 ## - NOTA DE CONTENIDO CON FORMATO | |
| Título | Arte BA |
| 505 ## - NOTA DE CONTENIDO CON FORMATO | |
| Título | Crónicas |
| 505 ## - NOTA DE CONTENIDO CON FORMATO | |
| Título | Exposiciones Colectivas |
| 505 ## - NOTA DE CONTENIDO CON FORMATO | |
| Título | Guía de Galerías y Museos |
| 505 ## - NOTA DE CONTENIDO CON FORMATO | |
| Título | Reseña de libros |
| 505 ## - NOTA DE CONTENIDO CON FORMATO | |
| Título | LIbros y Catalogos |
| 505 ## - NOTA DE CONTENIDO CON FORMATO | |
| Título | Libros para la Venta |
| 650 ## - PUNTO DE ACCESO ADICIONAL DE MATERIA--TÉRMINO DE MATERIA | |
| Fuente del encabezamiento o término | Tesauro de Arte & Arquitectura |
| Término de materia o nombre geográfico como elemento de entrada | ARTE |
| 9 (RLIN) | 703 |
| 650 ## - PUNTO DE ACCESO ADICIONAL DE MATERIA--TÉRMINO DE MATERIA | |
| Fuente del encabezamiento o término | Tesauro de Arte & Arquitectura |
| Término de materia o nombre geográfico como elemento de entrada | EXPOSICIONES |
| 650 ## - PUNTO DE ACCESO ADICIONAL DE MATERIA--TÉRMINO DE MATERIA | |
| Fuente del encabezamiento o término | Tesauro de Arte & Arquitectura |
| Término de materia o nombre geográfico como elemento de entrada | BIENAL |
| 650 ## - PUNTO DE ACCESO ADICIONAL DE MATERIA--TÉRMINO DE MATERIA | |
| Fuente del encabezamiento o término | Tesauro de Arte & Arquitectura |
| Término de materia o nombre geográfico como elemento de entrada | APRECIACION |
| 650 ## - PUNTO DE ACCESO ADICIONAL DE MATERIA--TÉRMINO DE MATERIA | |
| Fuente del encabezamiento o término | Tesauro de Arte & Arquitectura |
| Término de materia o nombre geográfico como elemento de entrada | TEORIA |
| 650 ## - PUNTO DE ACCESO ADICIONAL DE MATERIA--TÉRMINO DE MATERIA | |
| Fuente del encabezamiento o término | Tesauro de Arte & Arquitectura |
| Término de materia o nombre geográfico como elemento de entrada | CRITICA |
| 650 ## - PUNTO DE ACCESO ADICIONAL DE MATERIA--TÉRMINO DE MATERIA | |
| Fuente del encabezamiento o término | Tesauro de Arte & Arquitectura |
| Término de materia o nombre geográfico como elemento de entrada | FOTOGRAFIA |
| 9 (RLIN) | 702 |
| 650 ## - PUNTO DE ACCESO ADICIONAL DE MATERIA--TÉRMINO DE MATERIA | |
| Fuente del encabezamiento o término | Tesauro de Arte & Arquitectura |
| Término de materia o nombre geográfico como elemento de entrada | LITERATURA |
| 651 ## - PUNTO DE ACCESO ADICIONAL DE MATERIA--NOMBRE GEOGRÁFICO | |
| Fuente del encabezamiento o término | Tesauro de Arte & Arquitectura |
| Nombre geográfico | COLOMBIA |
| 942 ## - ELEMENTOS DE ENTRADA SECUNDARIOS (KOHA) | |
| Fuente del sistema de clasificación o colocación | Clasificación Decimal Dewey |
| Tipo de ítem Koha | Libros |
| Parte de la signatura que corresponde a la clasificación (Parte de la clasificación) | 701.1 |
| Parte de la signatura que identifica el ejemplar (Parte del ítem) | S744a |
| Suprimir en OPAC | No |
No items available.
